| 000 | 00768nam a22001937a 4500 | ||
|---|---|---|---|
| 008 | 160810b xxu||||| |||| 00| 0 eng d | ||
| 020 | _a978-0-7879-8721-3 | ||
| 082 |
_22008 _aDC 658.3124 _bP54c |
||
| 100 |
_912633 _aPhillips, Jack J. |
||
| 245 |
_aCosts and ROI: _bevaluating at the ultimate level/ _cJack J. Phillips, Lizette Zúñiga. |
||
| 260 |
_aSan Francisco: _bJossey-Bass; Pfeiffer, _cc2008. |
||
| 300 |
_axxi, 144 pages; _c23 cm. |
||
| 440 |
_912634 _aThe measurement and evaluation series ; 5 |
||
| 500 | _aIncludes bibliographical references and index. | ||
| 650 | 0 |
_912635 _aEmployees _xTraining _xCost effectiveness |
|
| 650 | 0 |
_912636 _aEmployees _xTraining _xEvaluation |
|
| 700 |
_912637 _aZúñiga, Lizette _eAuthor |
||
| 942 |
_2ddc _cDC |
||
| 999 |
_c3794 _d3794 |
||